[Event "Oban op"]
[Site "Oban"]
[Date "2010.02.20"]
[Round "3"]
[White "Ferry, Edward"]
[Black "MacGregor, Ian Ross"]
[Result "1/2-1/2"]
[WhiteElo "1954"]
[BlackElo "1951"]
[PlyCount "119"]
[EventDate "2010.02.19"]
[EventType "swiss"]
[EventRounds "5"]
[EventCountry "SCO"]
[SourceTitle "EXT 2023"]
[Source "ChessBase"]
[SourceDate "2022.10.05"]
[SourceVersion "1"]
[SourceVersionDate "2022.10.05"]
[SourceQuality "1"]

1. d4 e6 2. e4 d5 3. exd5 exd5 4. Nf3 Bd6 5. c4 Nf6 6. Nc3 0-0 7. cxd5 Bb4 8. Bc4 Nxd5 9. Qb3 Qe7+ 10. Ne5 Nc6 11. 0-0 Nxc3 12. Nxc6 bxc6 13. bxc3 Bd6 14. Be3 a5 15. a4 Kh8 16. Rfe1 Bg4 17. Bf4 Qf6 18. Be5 Qg6 19. Re3 f5 20. f4 Qh6 21. Rf1 Rab8 22. Qc2 Bh5 23. Rh3 Qg6 24. Rg3 Qh6 25. Bxg7+ Qxg7 26. Rxg7 Kxg7 27. g3 Bg4 28. Be2 Bh3 29. Rb1 Rbe8 30. Bf1 Bg4 31. Kf2 c5 32. Re1 Rb8 33. Bb5 Rb6 34. d5 Rbb8 35. c4 Ra8 36. Qc3+ Kg8 37. Bd7 h6 38. Re6 Kh7 39. Rf6 Rab8 40. Rxf8 Bxf8 41. Bb5 Bg7 42. Qxa5 c6 43. Qc7 Re8 44. Bxc6 Re2+ 45. Kf1 Ra2 46. d6 Ra1+ 47. Kf2 Ra2+ 48. Ke3 Ra3+ 49. Kd2 Ra2+ 50. Kc1 Ra1+ 51. Kc2 Ra2+ 52. Kb3 Ra1 53. Qxg7+ Kxg7 54. d7 Rd1 55. Bd5 Rb1+ 56. Kc3 Rb8 57. a5 Rd8 58. Bc6 Kf6 59. a6 Ke7 60. a7 1/2-1/2

[Event "EU-ch U18 19th"]
[Site "Fermo"]
[Date "2009.09.01"]
[Round "2"]
[White "Nitelea, Barbu Alexandru"]
[Black "MacGregor, Ian Ross"]
[Result "0-1"]
[WhiteElo "2099"]
[BlackElo "1854"]
[PlyCount "86"]
[EventDate "2009.08.31"]
[EventType "swiss"]
[EventRounds "9"]
[EventCountry "ITA"]
[SourceTitle "CBM 132 Extra"]
[Source "ChessBase"]
[SourceDate "2009.11.03"]
[SourceVersion "1"]
[SourceVersionDate "2009.11.03"]
[SourceQuality "1"]

1. e4 e6 2. d4 d5 3. exd5 exd5 4. Nf3 Bd6 5. c4 dxc4 6. Bxc4 Nf6 7. 0-0 0-0 8. Be3 Bg4 9. Nbd2 Nbd7 10. a3 Nb6 11. Ba2 c6 12. Qc2 Qc7 13. Rac1 Rae8 14. Ne5 Bh5 15. Ndf3 Bxf3 16. Nxf3 Ng4 17. h3 Nxe3 18. fxe3 Qe7 19. Rce1 Bg3 20. Re2 Nd5 21. e4 Nf4 22. Re3 Nd5 23. Bxd5 cxd5 24. e5 Rc8 25. Qf5 Qe6 26. Qxh7+ Kxh7 27. Ng5+ Kg6 28. Nxe6 fxe6 29. Rxf8 Rxf8 30. Rxg3+ Kh6 31. Rf3 Rxf3 32. gxf3 Kg5 33. Kf2 Kf4 34. h4 g6 35. Kg2 Ke3 36. Kg3 Kxd4 37. Kf4 Kc4 38. Ke3 d4+ 39. Ke4 d3 40. Ke3 b5 41. f4 d2 42. Kxd2 Kd4 43. f5 gxf5 0-1

[Event "Oban op"]
[Site "Oban"]
[Date "2008.11.29"]
[Round "2"]
[White "MacGregor, Ian Ross"]
[Black "Green, Andrew"]
[Result "0-1"]
[WhiteElo "1880"]
[BlackElo "2100"]
[PlyCount "92"]
[EventDate "2008.11.28"]
[EventType "swiss"]
[EventRounds "5"]
[EventCountry "SCO"]
[SourceTitle "EXT 2011"]
[Source "ChessBase"]
[SourceDate "2010.11.26"]
[SourceVersion "1"]
[SourceVersionDate "2010.11.26"]
[SourceQuality "1"]

1. d4 Nf6 2. Nf3 g6 3. Bf4 Bg7 4. e3 d6 5. c4 0-0 6. Nc3 c5 7. Be2 cxd4 8. exd4 d5 9. c5 Nc6 10. 0-0 Bg4 11. h3 Bxf3 12. Bxf3 e6 13. Qa4 Nd7 14. Rfd1 a6 15. Ne2 Qa5 16. Qxa5 Nxa5 17. b4 Nc6 18. a4 Nxb4 19. Rab1 a5 20. Bd2 Nb8 21. Bxb4 axb4 22. Rxb4 Nc6 23. Rxb7 Rxa4 24. Rc7 Nxd4 25. Nxd4 Bxd4 26. c6 Be5 27. Rb7 Rc4 28. Rb6 Rc8 29. Kf1 R4xc6 30. Rxc6 Rxc6 31. Ke2 Kg7 32. Rd2 Rc3 33. Rd3 Rc7 34. Ke3 f5 35. Bd1 g5 36. f3 Kg6 37. Rb3 Rc1 38. Ke2 d4 39. Rb7 Bc7 40. Ra7 Rc3 41. Ra8 h5 42. Rc8 h4 43. Ba4 Re3+ 44. Kd1 Ba5 45. Rc4 d3 46. Kc1 Re2 0-1

[Event "Oban op"]
[Site "Oban"]
[Date "2008.11.29"]
[Round "3"]
[White "Nisbet, Alex"]
[Black "MacGregor, Ian Ross"]
[Result "1/2-1/2"]
[WhiteElo "1868"]
[BlackElo "1880"]
[PlyCount "76"]
[EventDate "2008.11.28"]
[EventType "swiss"]
[EventRounds "5"]
[EventCountry "SCO"]
[SourceTitle "EXT 2011"]
[Source "ChessBase"]
[SourceDate "2010.11.26"]
[SourceVersion "1"]
[SourceVersionDate "2010.11.26"]
[SourceQuality "1"]

1. d4 Nf6 2. Bf4 d5 3. e3 Bf5 4. Nf3 e6 5. c4 Bxb1 6. Rxb1 Bb4+ 7. Ke2 c6 8. Qb3 Qe7 9. c5 Ba5 10. Bd6 Qd7 11. Ne5 Qc8 12. f3 Bc7 13. Bxc7 Qxc7 14. Kf2 0-0 15. Bd3 Nfd7 16. Nxd7 Nxd7 17. f4 f6 18. Qc2 h6 19. g3 a5 20. Rhc1 Rfc8 21. a3 b6 22. b4 b5 23. Ra1 Ra7 24. Ra2 Rca8 25. Rca1 e5 26. Qe2 Nf8 27. Bf5 exd4 28. exd4 g6 29. Bd3 Qf7 30. Qd2 Ne6 31. Bb1 Qg7 32. a4 f5 33. axb5 Nxd4 34. bxc6 Kh7 35. Qd3 Nxc6 36. Qb5 Qd4+ 37. Kg2 Nxb4 38. Rxa5 Rxa5 1/2-1/2

[Event "SCO-ch 115th"]
[Site "Glasgow"]
[Date "2008.06.08"]
[Round "4"]
[White "MacGregor, Ian Ross"]
[Black "Marks, Ian Alexander"]
[Result "1-0"]
[WhiteElo "1750"]
[BlackElo "1899"]
[PlyCount "73"]
[EventDate "2008.06.05"]
[EventType "swiss"]
[EventRounds "9"]
[EventCountry "SCO"]
[SourceTitle "EXT 2009"]
[Source "ChessBase"]
[SourceDate "2008.11.26"]
[SourceVersion "1"]
[SourceVersionDate "2008.11.26"]
[SourceQuality "1"]

1. d4 Nf6 2. Nf3 g6 3. c4 Bg7 4. Nc3 0-0 5. Bf4 d5 6. e3 c5 7. Rc1 Nc6 8. a3 Qa5 9. Be2 dxc4 10. Bxc4 Bg4 11. d5 Rad8 12. 0-0 e5 13. Bg5 e4 14. Bxf6 Bxf6 15. Nxe4 Bxb2 16. Rb1 Ne5 17. Nf6+ Kg7 18. Nxg4 Nxc4 19. Qb3 h5 20. Qxc4 hxg4 21. Qxg4 Qxa3 22. e4 c4 23. e5 c3 24. Qd4 Kg8 25. Nd2 b5 26. Ne4 f5 27. Nd6 Qa4 28. Qe3 Kg7 29. e6 Rxd6 30. Qe5+ Kg8 31. Qxd6 Ba3 32. Qg3 Kg7 33. Qxc3+ Kg8 34. Ra1 b4 35. Qg3 Qe8 36. Rfe1 Rf6 37. Qe5 1-0

[Event "Dundee & Angus op"]
[Site "Dundee"]
[Date "2007.??.??"]
[Round "3"]
[White "Brechin, Hugh R"]
[Black "MacGregor, Ian Ross"]
[Result "1-0"]
[WhiteElo "2003"]
[BlackElo "1817"]
[PlyCount "71"]
[EventDate "2007.10.19"]
[EventType "swiss"]
[EventRounds "5"]
[EventCountry "SCO"]
[SourceTitle "EXT 2017"]
[Source "ChessBase"]
[SourceDate "2016.10.25"]
[SourceVersion "1"]
[SourceVersionDate "2016.10.25"]
[SourceQuality "1"]

1. d4 Nf6 2. Bf4 d5 3. e3 Bf5 4. c4 c5 5. Qb3 Qb6 6. dxc5 Qxb3 7. axb3 Nc6 8. Nc3 e5 9. Bg5 Nb4 10. 0-0-0 dxc4 11. Bxf6 gxf6 12. Bxc4 Bxc5 13. Nge2 0-0 14. Ng3 Bg6 15. Nge4 Be7 16. Rd7 Rfe8 17. Rxb7 a5 18. Bb5 Bxe4 19. Nxe4 Rac8+ 20. Bc4 Bd8 21. Nd6 Rc7 22. Rxc7 Bxc7 23. Nxf7 Kg7 24. Rd1 Rc8 25. Be6 Re8 26. Rd7 Kf8 27. Bc4 Re7 28. Rxe7 Kxe7 29. Nh6 Kd6 30. Kd2 Kc5 31. Bg8 Nc6 32. Bxh7 Kb4 33. Bc2 Ne7 34. Ng4 Nd5 35. e4 Nf4 36. Nxf6 1-0

[Event "Dundee & Angus op"]
[Site "Dundee"]
[Date "2007.??.??"]
[Round "5"]
[White "Hogg, Stephen William"]
[Black "MacGregor, Ian Ross"]
[Result "1-0"]
[WhiteElo "1953"]
[BlackElo "1817"]
[PlyCount "41"]
[EventDate "2007.10.19"]
[EventType "swiss"]
[EventRounds "5"]
[EventCountry "SCO"]
[SourceTitle "EXT 2017"]
[Source "ChessBase"]
[SourceDate "2016.10.25"]
[SourceVersion "1"]
[SourceVersionDate "2016.10.25"]
[SourceQuality "1"]

1. d4 Nf6 2. c4 e6 3. Nc3 Bb4 4. e3 0-0 5. a3 Bxc3+ 6. bxc3 c5 7. Bd3 Nc6 8. Ne2 d6 9. Ng3 b6 10. 0-0 Bb7 11. f4 Ne7 12. e4 cxd4 13. cxd4 d5 14. cxd5 exd5 15. e5 Ne4 16. f5 Nc6 17. Nxe4 dxe4 18. Bxe4 Rc8 19. Bb2 Re8 20. Qh5 Ba6 21. f6 1-0